| 000 | 00666nam a22001817a 4500 | ||
|---|---|---|---|
| 999 |
_c14986 _d14986 |
||
| 003 | OSt | ||
| 082 | _2664 ATH/PE | ||
| 088 | _aP 299 | ||
| 100 |
_aATHIRA A.S _aCINU VARGHESE _aHARITHA MOHANAN _93865 |
||
| 245 | _aPerformance and evaluation of modified rotary banana slicer | ||
| 260 |
_aTavanur 2015 _bDepartment of Food and Agricultural Process Engineering |
||
| 300 | _a35 | ||
| 500 | _aPerformance and evaluation of modified rotary banana slicer | ||
| 520 | _aPerformance and evaluation of modified rotary banana slicer | ||
| 700 |
_aDr. sudheer K.P (Guide) _93866 |
||
| 856 | _uhttps://drive.google.com/open?id=1xXT-6r5hZ7bgN1C4C3LBPoC4CGv7Gqfp | ||
| 942 | _cPR | ||